LDR 00965naa#a2200217#i#450# 001 RU\\bibl\119893 005 20260702171105.4 011 ## _a2500-4026 100 ## _a20190331b2019####ek#y0rusy0150####ca 101 0# _aRUS 102 ## _aRU 200 1# _aАЛЬТЕРНАТИВНЫЙ ПОДХОД К АВТОМАТИЗАЦИИ НЕЗАВИСИМОЙ ОЦЕНКИ ПОЖАРНОГО РИСКА _eЖурнальная статья 210 1# _aЖелезногорск _cФГБОУ ВО Сибирская пожарно-спасательная академия ГПС МЧС России _d2019 215 ## _a5 с. 608 ## _aЖурнальная статья _2local 675 ## _aПредотвращение несчастных случаев. Защита и безопасность. 614.8.084 _zRUS 700 #1 _aВоробьев _gО Ю 700 #1 _aКрехов _gА А 700 #1 _aКлочков _gС В 700 #1 _aМинкин _gА Н 856 4# _aapbt-sibpsa.editorum.ru _u